000 00697cam a2200181 4500500
005 20251228095007.0
041 _afre
042 _adc
100 1 0 _aMotoret, Laurence
_eauthor
245 0 0 _aScandale au cinéma
260 _c2014.
500 _a19
520 _aQuand le cinéma raconte un scandale, l’annonce-t-il dans le titre du film ?
520 _aWhen a film is about a scandal, does its title indicate the topic?
520 _aSerão os escândalos de que trata o cinema anunciados nos titulos dos filmes ?
786 0 _nSigila | 33 | 1 | 2014-03-03 | p. 125-128 | 1286-1715
856 4 1 _uhttps://shs.cairn.info/revue-sigila-2014-1-page-125?lang=fr&redirect-ssocas=7080
999 _c1605255
_d1605255